000 00693nam a2200253Ia 4500
003 OSt
005 20221006142352.0
006 a|||||r|||| 00| 0
007 ta
008 221006b |||||||| |||| 00| 0 eng d
020 _a0870110039
_c
_10.00
024 _a6,203
037 _cTextual
040 _aEASL
_cEASL
_beng
041 _2eng
_aeng
082 _aO42,1x, L1
100 _aSACKHEIM Eric Tr.
_9647530
245 0 _aSilent firefly
_b Japanese songs of love and other things
260 _aTokyo
_bKodansha Internatioal Japan
_c1971
300 _a204p.
_ccm.
490 _v JEL
942 _hO42,1x, L1
_cTEXL
_2CC
999 _c1074289
_d1074289